|
|
|
|
| LEADER |
03388nam a2200697 ia4500 |
| 001 |
001682850 |
| 003 |
CZ BrMZK |
| 005 |
20190627063413.0 |
| 007 |
ta |
| 008 |
190514t20182018xxka g p 000 0 eng |
| 020 |
|
|
|a 978-1-337-27716-7
|q (student's book ;
|q brožováno)
|
| 020 |
|
|
|a 978-1-337-62710-8
|q (workbook ;
|q brožováno)
|
| 020 |
|
|
|a 978-1-337-28902-3
|q (workbook ;
|q CD)
|
| 020 |
|
|
|a 978-1-337-29854-4
|q (teacher's book ;
|q brožováno)
|
| 020 |
|
|
|a 978-1-337-28900-9
|q (teacher's book ;
|q CD)
|
| 020 |
|
|
|a 978-1-337-29845-2
|q (teacher's book ;
|q DVD)
|
| 040 |
|
|
|a BOA001
|b cze
|e rda
|
| 072 |
|
7 |
|a 811.111
|x Angličtina
|2 Konspekt
|9 11
|
| 072 |
|
7 |
|a 37.016
|x Učební osnovy. Vyučovací předměty. Učebnice
|2 Konspekt
|9 22
|
| 080 |
|
|
|a 811.111
|2 MRF
|
| 080 |
|
|
|a (07.062)81
|2 MRF
|
| 080 |
|
|
|a (07.063)81
|2 MRF
|
| 080 |
|
|
|a (076.1)
|2 MRF
|
| 080 |
|
|
|a (072)
|2 MRF
|
| 100 |
1 |
|
|a Lansford, Lewis
|7 pna2009525967
|4 aut
|
| 245 |
1 |
0 |
|a Perspectives :
|b pre-intermediate /
|c Lewis Lansford, Daniel Barber, Amanda Jeffries
|
| 246 |
3 |
|
|a Perspectives - pre-intermediate
|
| 264 |
|
1 |
|a Hampshire :
|b National Geographic Learning,
|c [2018]
|
| 264 |
|
4 |
|c ©2018
|
| 300 |
|
|
|a 3 svazky :
|b ilustrace (převážně barevné) ;
|c 30 cm
|
| 336 |
|
|
|a text
|b txt
|2 rdacontent
|
| 336 |
|
|
|a mluvené slovo
|b spw
|2 rdacontent
|
| 336 |
|
|
|a dvojrozměrný pohyblivý obraz
|b tdi
|2 rdacontent
|
| 337 |
|
|
|a bez média
|b n
|2 rdamedia
|
| 337 |
|
|
|a audio
|b s
|2 rdamedia
|
| 337 |
|
|
|a video
|b v
|2 rdamedia
|
| 338 |
|
|
|a svazek
|b nc
|2 rdacarrier
|
| 338 |
|
|
|a audiodisk
|b sd
|2 rdacarrier
|
| 338 |
|
|
|a videodisk
|b vd
|2 rdacarrier
|
| 490 |
1 |
|
|a Ted talks
|
| 505 |
0 |
|
|a [Student's book]. 157 stran -- Workbook. 126 stran + 1 CD audio -- Teacher's book / Nancy Douglas, James Morgan. 238 stran + 1 CD audio + 2 DVD
|
| 650 |
0 |
7 |
|a angličtina
|7 ph114056
|2 czenas
|
| 653 |
0 |
|
|a jazyková úroveň A2
|a jazyková úroveň B1
|
| 655 |
|
7 |
|a jazykové učebnice, texty, příručky (A)
|7 fd600889
|2 czenas
|
| 655 |
|
7 |
|a jazykové učebnice, texty, příručky (B)
|7 fd600891
|2 czenas
|
| 655 |
|
7 |
|a pracovní sešity
|7 fd133116
|2 czenas
|
| 655 |
|
7 |
|a metodické příručky
|7 fd132826
|2 czenas
|
| 700 |
1 |
|
|a Barber, Daniel,
|d 1972-
|7 pna2017965112
|4 aut
|
| 700 |
1 |
|
|a Jeffries, Amanda
|7 pna2006352641
|4 aut
|
| 700 |
1 |
|
|a Douglas, Nancy
|7 mzk2016898062
|4 aut
|
| 700 |
1 |
|
|a Morgan, James
|4 aut
|
| 830 |
|
0 |
|a Ted talks
|
| 910 |
|
|
|a BOA001
|b 4-1426.466
|b CDR-1426.466
|
| 990 |
|
|
|a BK
|
| 991 |
|
|
|b 201906
|c NOV
|x 99
|
| 996 |
7 |
|
|b 2610781192
|c 4-1426.466
|d 1,student's book
|v 1
|l Anglická knihovna/2.patro
|r ZHR
|n 7
|p kupz
|h CY 2
|w 001722857
|u 000010
|a 0
|e BOA001
|j MZK50
|s A
|
| 996 |
7 |
|
|b 2610781193
|c 4-1426.466
|d 2,workbook
|v 2
|l Anglická knihovna/2.patro
|r ZHR
|n 9
|p kupz
|h CY 2
|w 001722857
|u 000020
|a 0
|e BOA001
|j MZK50
|s A
|
| 996 |
7 |
|
|b 2610781194
|c 4-1426.466
|d 3,teacher's book
|v 3
|l Anglická knihovna/2.patro
|r ZHR
|n 3
|p kupz
|h CY 2
|w 001722857
|u 000040
|a 0
|e BOA001
|j MZK50
|s A
|
| 996 |
7 |
|
|b DKAA000665
|c CDR-1426.466
|d 2,workbook CD
|v 2a
|l Anglická knihovna/2.patro
|r ZHR
|n 5
|p kupz
|h CD-B 246
|w 001722857
|u 000030
|a 0
|e BOA001
|j MZK50
|s A
|
| 996 |
7 |
|
|b DKAA000666
|c CDR-1426.466
|d 3,teacher's book CD
|v 3a
|l Anglická knihovna/2.patro
|r ZHR
|n 7
|p kupz
|h CD-B 247
|w 001722857
|u 000050
|a 0
|e BOA001
|j MZK50
|s A
|
| 996 |
7 |
|
|b DKAA000667
|c CDR-1426.466
|d 3,teacher's book DVD 1-2
|v 3b
|l Anglická knihovna/2.patro
|r ZHR
|n 1
|p kupz
|h DVD 254
|w 001722857
|u 000060
|a 0
|e BOA001
|j MZK50
|s A
|